| 000 | 00755cam a22002292 4500 | ||
|---|---|---|---|
| 001 | 0000024584 | ||
| 005 | 20151217152304.0 | ||
| 008 | 140109s xx 000 0 eng d | ||
| 020 | _a0199644674 : | ||
| 040 |
_aKABU _cKABU |
||
| 100 | 1 |
_aTeubner, Gunther. _@0000184920 |
|
| 245 | 1 | 0 |
_aConstitutional fragments : _bsocietal constitutionalism and globalization / _cGunther Teubner; translated by Gareth Norbury. |
| 250 | _a1st ed. | ||
| 260 |
_aOxford : _bO. U. P., _c2012. |
||
| 300 | _axi, 213 p. | ||
| 650 | 0 |
_aConstitutional law. _@0000184605 |
|
| 650 | 0 |
_aAdministrative law. _@0000166707 |
|
| 650 | 0 |
_aCorporate governance. _@0000164722 |
|
| 852 | 1 | _9p6750 KES | |
| 908 | _a140109 | ||
| 950 | _@1 | ||
| 999 |
_c10353 _d10353 |
||